| 000 | 01303nam a2200325Ia 4500 | ||
|---|---|---|---|
| 001 | ebr10063420 | ||
| 003 | CaPaEBR | ||
| 006 | m u | ||
| 007 | cr cn||||||||| | ||
| 008 | 040331s2004 dcu sb 001 0 eng d | ||
| 020 | _z0821358022 | ||
| 040 |
_aCaPaEBR _cCaPaEBR |
||
| 035 | _a(OCoLC)228113427 | ||
| 050 | 1 | 4 |
_aHC200.P6 _bA73 2004eb |
| 082 | 0 | 4 |
_a362.5/09861 _222 |
| 100 | 1 |
_aArboleda, Jairo A., _d1945- |
|
| 245 | 1 | 0 |
_aVoices of the poor in Colombia _h[electronic resource] : _bstrengthening livelihoods, families, and communities / _cJairo A. Arboleda, Patti L. Petesch, James Blackburn. |
| 260 |
_aWashington, DC : _bWorld Bank, _c2004. |
||
| 300 | _axiv, 124 p. | ||
| 504 | _aIncludes bibliographical references and index. | ||
| 533 |
_aElectronic reproduction. _bPalo Alto, Calif. : _cebrary, _d2009. _nAvailable via World Wide Web. _nAccess may be limited to ebrary affiliated libraries. |
||
| 650 | 0 |
_aPoverty _zColombia. |
|
| 650 | 0 |
_aPoverty _xGovernment policy _zColombia. |
|
| 650 | 0 |
_aPoor _zColombia. |
|
| 655 | 7 |
_aElectronic books. _2local |
|
| 700 | 1 | _aPetesch, Patti L. | |
| 700 | 1 | _aBlackburn, James. | |
| 710 | 2 | _aebrary, Inc. | |
| 856 | 4 | 0 |
_uhttp://site.ebrary.com/lib/rucke/Doc?id=10063420 _zAn electronic book accessible through the World Wide Web; click to view |
| 999 |
_c47211 _d47211 |
||